000 00279nam a22001337a 4500
008 181031b xxu||||| |||| 00| 0 eng d
020 _a2900324221557
041 _aeng
080 _a339.138
100 _a61
101 _aMAR
245 _aMarketing
_cLamb.H
942 _2udc
_cBK
999 _c51305
_d51305